000 00477nam a2200181Ia 4500
005 20250423095036.0
008 250422s9999 xx 000 0 und d
020 _a9781403198785
050 _aBP 605.S2 .H83/
100 _aHubbard, Ron L.
245 0 _aDianetics: letters and journals
260 _aCalifornia
260 _bBridge Publications
260 _c2012
300 _a187 p
650 _a Hubbard, L. Ron (La Fayette Ron), 1911-1986. Dianetics.
942 _cBK
999 _c29063
_d29063